LEADER 00644naa a2200157 i 4500 001 000000307953 003 CaOOAMICUS 005 20180831172926.0 008 180831n it u000 u ita u 013 $a16891 040 $aSeMil$bita 100 1 $aDanon, Marcella.$0(OLS)http://semarc/name/69457 245 13$aUn "counseling" per una vita impegnata. 650 4$aPastoral counseling.$0(OLS)http://semarc/subject/32297 773 0 $aDanon, Marcella$tSette e nuovi movimenti religiosi.$dMilano : Paoline, 2007.$kEcumenismo e dialogo$z978-88-315-3327-0$gp.315-335$w()189946 996 $6245$aUn "counseling" per una vita impegnata$9(OLS)http://semarc/title/383258 LEADER 00596naa a2200133 i 4500 001 000000297137 003 CaOOAMICUS 005 20180831172559.0 008 180831n xx u000 u und u 013 $a4649 040 $aSeMil$bita 100 1 $aBékés, Gerard J. <1915->.$0(OLS)http://semarc/name/32689 245 10$aParola e Sacramento :$bcomplementarità dei due elementi fondamentali nella partecipazione ecclesiale alla salvezza divina. 996 $6245$aParola e Sacramento :$bcomplementarità dei due elementi fondamentali nella partecipazione ecclesiale alla salvezza divina$9(OLS)http://semarc/title/373174